000 00773nam a2200277#a 4500
001 00669
003 HDC
007 ta
008 230623s2000 xx 000 0 eng d
020 _a0892817259 (pbk.).
040 _aHDC
050 _aRM 666
_b.G15 F85 2000
100 _aFulder, Stephen.
245 0 _aGarlic :
_bnature s original remedy /
_cStephen Fulder, John Blackwood.
250 _aNewly rev. ed.
264 _aRochester, Vt. :
_bHealing Arts Press,
_cc2000.
300 _a135p. :
_b ill. ;
_c 20cm.
500 _aIncludes bibliographical references (p. 125-131) and index.
650 _aGarlic
_xTherapeutic use.
650 _aGarlic.
700 _aBlackwood, John.
942 _2lcc
942 _cBK
942 _kRM 666
942 _m.G15 F85 2000
999 _c22289
_d22289